000
00282nam a2200109Ia 4500
001
1265587
005
20260417142029.0
008
260417s9999 xx 000 0 und d
020
_a
9789752894846
245
0
_a
Bin Muhteşem Güneş
_c
Khaled Hosseini
260
_b
Everest Yayınları
999
_c
1265587
_d
1265587